KIRMIZI DENİZYILDIZI (Record no. 811522)

MARC details
000 -LEADER
sabit uzunluktaki kontrol alanı 00246nam a2200097Ia 4500
001 - KONTROL NUMARASI
kontrol alanı 811522
005 - EN SON İŞLEMİN TARİH VE ZAMANI
kontrol alanı 20250826171542.0
008 - SABİT-UZUNLUKTA VERİ ÖĞELERİ--GENEL BİLGİ
sabit uzunluktaki kontrol alanı 250824s9999 xx 000 0 und d
245 #0 - ESER / YAZAR
ESER ADI KIRMIZI DENİZYILDIZI
Yazar Adı CEREN KERİMOĞLU
260 ## - YAYIN, DAĞITIM, VB.
YAYIN EVİ ELMA YAYINLARI
Holdings
Düşüm durumu Kayıp durumu Hasar Durumu Ödünç verilmez Ana kütüphane Geçerli Kütüphane Edinilen tarih Toplam ödünç verme sayısı Barkod Son görüntüleme tarihi Son ödünç verme tarihi Fiyatın geçerli olmaya başladığı tarih Koha materyal türü
        SELÇUKLU BELEDİYESİ ORTAOKULU SELÇUKLU BELEDİYESİ ORTAOKULU 24.08.2025 1 10585952 11.03.2026 10.03.2026 26.08.2025 Books